LEADER 01443nam--2200433---450- 001 990000276560203316 005 20090326155820.0 010 $a0-8133-6887-1 035 $a0027656 035 $aUSA010027656 035 $a(ALEPH)000027656USA01 035 $a0027656 100 $a20001016d1998----km-y0itay0103----ba 101 0 $aeng 102 $aGB 105 $a||||||||001yy 200 1 $aCitizens, strangers and in-betweens$eessays on immigration and citizenship$fPeter H. Schuck 210 $aBoulder$cWestview$d1998 215 $aXVIII, 475 p.$d24 cm 225 $aNew perspective on law, culture, and society 410 $12001$aNew perspective on law, culture, and society 606 $aCittadinanza$yStati Uniti d'America 606 $aEmigrazione$xLegislazione$yStati Uniti d'America 606 $aImmigrazione$aLegislazione$yStati Uniti d'America 676 $a325.73 700 1$aSCHUCK,$bPeter H.$050196 801 0$aIT$bsalbc$gISBD 912 $a990000276560203316 951 $a325.73 SCH 1 (ISP IV 794)$b26307 ECO$cISP IV$d00005599 959 $aBK 969 $aECO 979 $aTAMI$b40$c20001016$lUSA01$h1156 979 $aTAMI$b40$c20001017$lUSA01$h0929 979 $c20001110$lUSA01$h1716 979 $c20020403$lUSA01$h1635 979 $aPATRY$b90$c20040406$lUSA01$h1619 979 $aRSIAV4$b90$c20090326$lUSA01$h1558 996 $aCitizens, strangers and in-betweens$9881823 997 $aUNISA LEADER 00726nam0 22002533i 450 001 996402649803316 005 20210216143747.0 100 $a20190826d1992----||||0itac50 ba 101 $aita 102 $aUN 200 1 $aDue problemi nell'Ecale di Callimaco$fAdelmo Barigazzi 210 1 $a[S.l.]$c[s.n.]$d[1992?] 215 $a[55]-65 p.$d24 cm 300 $aEstratto da: Aevum Antiquum 5 (1992) 600 0$aCallimaco$2BNCF 676 $a881.01 700 1$aBARIGAZZI,$bAdelmo$038659 801 0$aIT$bcba$bcba$gREICAT 912 $a996402649803316 951 $aXV.8.Misc. 574$b228201 L.M.$cXV.8.Misc.$d465451 959 $aBK 969 $aFSO 996 $aDue problemi nell'Ecale di Callimaco$91766356 997 $aUNISA